<?xml version="1.0" encoding="UTF-8"?>
<collection xmlns="http://www.loc.gov/MARC21/slim">
 <record>
  <leader>01925nam a22002415a 4500</leader>
  <controlfield tag="001">EEA.libagro008448</controlfield>
  <controlfield tag="005">20171002121823.0</controlfield>
  <controlfield tag="008">130809s2010####ag#a##########000#0#spa#d</controlfield>
  <datafield tag="020" ind1=" " ind2=" ">
   <subfield code="z">9789871623563</subfield>
  </datafield>
  <datafield tag="082" ind1="0" ind2="4">
   <subfield code="a">632.78</subfield>
  </datafield>
  <datafield tag="100" ind1="1" ind2=" ">
   <subfield code="a">Urretabizcaya, Néstor.</subfield>
  </datafield>
  <datafield tag="245" ind1="1" ind2="0">
   <subfield code="a">Insectos perjudiciales de importancia agronómica :</subfield>
   <subfield code="b">I. Lepidópteros /</subfield>
   <subfield code="c">N. Urretabizcaya, A. Vasicek, E. Saini.</subfield>
  </datafield>
  <datafield tag="260" ind1=" " ind2=" ">
   <subfield code="a">Buenos Aires :</subfield>
   <subfield code="b">INTA,</subfield>
   <subfield code="c">2010.</subfield>
  </datafield>
  <datafield tag="300" ind1=" " ind2=" ">
   <subfield code="a">72 p. :</subfield>
   <subfield code="b">fot. col. ;</subfield>
   <subfield code="c">28 cm.</subfield>
  </datafield>
  <datafield tag="505" ind1="0" ind2=" ">
   <subfield code="a">Prólogo -- I. Introducción -- II. Morfología externa -- III. Características biológicas -- IV. Clasificación del Orden -- V. Familia Psychidae -- VI. Familia Gracillariidae -- VII. Familia Phyllocnistidae -- VIII. Familia Tortricidae -- IX. Familia Crambidae -- X. Familia Pyralidae -- XI. Familia Phycitidae -- XII. Familia Plutellidae -- XIII. Familia Hemileucidae -- XIV. Familia Saturnidae -- XV. Familia Sphingidae -- XVI. Familia Gelechiidae -- XVII. Familia Geometridae -- XVIII. Familia Noctuidae -- XIX. Familia Castniidae -- XX. Familia Pyraustidae -- XXI. Familia -- XXII. Familia Yponomeutidae -- XXIII. Familia -- XXIV. Familia Papilionidae -- XXV. Familia Nymphalidae -- XXVI. Familia Danaidae -- XXVII. Familia Acraeidae -- XXVIII. Familia Brassolidae -- Anexo Lepidópteros -- Bibliografía -- Índice de nombres vulgares.</subfield>
  </datafield>
  <datafield tag="530" ind1=" " ind2=" ">
   <subfield code="a">Disponible también en línea</subfield>
  </datafield>
  <datafield tag="700" ind1="1" ind2=" ">
   <subfield code="a">Vasicek, A.</subfield>
  </datafield>
  <datafield tag="700" ind1="1" ind2=" ">
   <subfield code="a">Saini, Esteban Daniel.</subfield>
  </datafield>
  <datafield tag="710" ind1="2" ind2=" ">
   <subfield code="a">Instituto Nacional de Tecnología Agropecuaria (Argentina).</subfield>
   <subfield code="b">Instituto de Microbiología y Zoología Agrícola.</subfield>
  </datafield>
  <datafield tag="856" ind1=" " ind2=" ">
   <subfield code="u">http://inta.gob.ar/sites/default/files/script-tmp-inta%5Flepidopteros.pdf</subfield>
   <subfield code="3">Texto completo pdf</subfield>
  </datafield>
  <datafield tag="856" ind1=" " ind2=" ">
   <subfield code="u">http://inta.gob.ar/sites/default/files/script-tmp-inta%5F-%5Finsectosperjudiciales.epub</subfield>
   <subfield code="3">Texto completo epub</subfield>
  </datafield>
  <datafield tag="859" ind1=" " ind2=" ">
   <subfield code="a">AR-BbBCA</subfield>
   <subfield code="b">BIB. AGRONOMIA</subfield>
   <subfield code="h">632.78</subfield>
   <subfield code="i">U81 </subfield>
   <subfield code="p">2011/5831</subfield>
  </datafield>
  <datafield tag="859" ind1=" " ind2=" ">
   <subfield code="a">AR-BbBCA</subfield>
   <subfield code="b">BIB. AGRONOMIA</subfield>
   <subfield code="h">632.78</subfield>
   <subfield code="i">U81 </subfield>
   <subfield code="p">2011/5861</subfield>
   <subfield code="t">Ej.2</subfield>
  </datafield>
 </record>
</collection>
